000 00995nam a2200301Ia 4500
003 OSt
005 20221007125721.0
006 a|||||r|||| 00| 0
007 ta
008 221006b |||||||| |||| 00| 0 eng d
020 _a0471720917 (hbd)
_cRs.4462.77
024 _a76893
037 _b955, 05/03/2007, Vibha Books International
_cTextbook
040 _aCDL
_cCDL
_beng
041 _2eng
_aeng
082 _aE5:218, P1;P7 Carc
100 _aSmith Michael B
245 0 _aMarch's advanced organic chemistry:reactions, mechanisms and structure
_b March Jerry
250 _a6
260 _aNew
_bJersey John Wiley & Sons
_c2007
300 _axx,2357p.
_ccm.
500 _aAppendix A-B 1870-1936p; Index 1937-2357p
650 _a Organic chemistry
650 _aChemistry
700 _a March Jerry
942 _hE5:218, P1;P7 Carc
_cTB
_2CC
999 _c1215754
_d1215754